[Event "St Mandrier IDF-ch"]
[Site "St Mandrier"]
[Date "2012.04.04"]
[Round "4"]
[White "Rambaud Herri, Patrick"]
[Black "Espinosa, Jose"]
[Result "1-0"]
[WhiteElo "1499"]
[BlackElo "1320"]
[PlyCount "50"]
[EventDate "2012.04.03"]
[EventType "swiss"]
[EventRounds "6"]
[EventCountry "FRA"]
[SourceTitle "EXT 2014"]
[Source "ChessBase"]
[SourceDate "2013.11.20"]
[SourceVersion "1"]
[SourceVersionDate "2013.11.20"]
[SourceQuality "1"]

1. d4 g6 2. Bg5 Bg7 3. f3 d5 4. e3 Nf6 5. Bd3 0-0 6. Ne2 b6 7. 0-0 c5 8. c3 Nbd7 9. Nd2 c4 10. Bc2 b5 11. b3 Nb6 12. a4 bxa4 13. bxa4 a5 14. Qe1 Qe8 15. e4 dxe4 16. Nxe4 Bf5 17. N2g3 h6 18. Be3 Bd7 19. Nc5 Bc6 20. Qd2 Kh7 21. Nf5 gxf5 22. Bxf5+ Kh8 23. Bxh6 Rg8 24. Bg5 Qd8 25. Bh6 Nbd5 1-0